[Event "FICGS rapid D 000078 email"]
[Site "FICGS email"]
[Date "2013.06.09"]
[Round "1"]
[White "Bajkowski, Karol"]
[Black "Strohmeier, Josef"]
[Result "0-1"]
[WhiteElo "1479"]
[BlackElo "1461"]
[PlyCount "66"]
[EventDate "2013.??.??"]
[EventType "tourn (rapid)"]
[EventRounds "5"]
[SourceTitle "Corr 2022"]
[Source "ChessBase"]
[SourceDate "2021.10.24"]
[SourceVersion "1"]
[SourceVersionDate "2021.10.24"]
[SourceQuality "1"]

1. Nf3 Nf6 2. Nc3 d5 3. d4 e6 4. a3 Be7 5. Bg5 0-0 6. e3 h6 7. Bh4 c6 8. Bd3 Nbd7 9. 0-0 Qc7 10. Bg3 Bd6 11. Ne2 e5 12. dxe5 Nxe5 13. Nxe5 Bxe5 14. Bxe5 Qxe5 15. b4 Bf5 16. Bxf5 Qxf5 17. Rc1 Rad8 18. Nd4 Qe5 19. Qd3 Ne4 20. a4 Nd6 21. Rfe1 Rde8 22. b5 Rc8 23. bxc6 bxc6 24. h3 Ne4 25. c4 Nc5 26. Qc3 Nxa4 27. Qb3 Nb6 28. cxd5 cxd5 29. Nc6 Qc7 30. Red1 Rfe8 31. Rd2 Qd7 32. Ra2 Rxc6 33. Rxc6 Qxc6 0-1

[Event "FICGS rapid D 000078 email"]
[Site "FICGS email"]
[Date "2013.06.09"]
[Round "1"]
[White "Brulland, Emmanuel"]
[Black "Bajkowski, Karol"]
[Result "1-0"]
[WhiteElo "1362"]
[BlackElo "1479"]
[PlyCount "37"]
[EventDate "2013.??.??"]
[EventType "tourn (rapid)"]
[EventRounds "5"]
[SourceTitle "Corr 2022"]
[Source "ChessBase"]
[SourceDate "2021.10.24"]
[SourceVersion "1"]
[SourceVersionDate "2021.10.24"]
[SourceQuality "1"]

1. b3 e5 2. Bb2 Nc6 3. g3 d5 4. e3 Nf6 5. Bg2 Bf5 6. Ne2 e4 7. d3 exd3 8. cxd3 Nb4 9. Nc1 Bd6 10. a3 Nc6 11. 0-0 0-0 12. d4 Re8 13. Nd3 Ne7 14. Nc3 Be4 15. Nxe4 Nxe4 16. Rc1 Rc8 17. Nc5 Nxc5 18. b4 Ne4 19. Qc2 1-0

[Event "FICGS rapid D 000078 email"]
[Site "FICGS email"]
[Date "2013.06.09"]
[Round "1"]
[White "Makosiej, Wladyslaw"]
[Black "Bajkowski, Karol"]
[Result "1-0"]
[WhiteElo "1359"]
[BlackElo "1479"]
[PlyCount "37"]
[EventDate "2013.??.??"]
[EventType "tourn (rapid)"]
[EventRounds "5"]
[SourceTitle "Corr 2022"]
[Source "ChessBase"]
[SourceDate "2021.10.24"]
[SourceVersion "1"]
[SourceVersionDate "2021.10.24"]
[SourceQuality "1"]

1. d4 d5 2. c4 c6 3. Nc3 Nf6 4. e3 Bf5 5. cxd5 cxd5 6. Qb3 b6 7. Bb5+ Nbd7 8. Nxd5 Nxd5 9. Qxd5 e6 10. Bxd7+ Qxd7 11. Qxa8+ Qd8 12. Qxd8+ Kxd8 13. Bd2 Bd6 14. a3 Be4 15. f3 Bg6 16. e4 f5 17. e5 Be7 18. Ne2 Ke8 19. Rc1 1-0

[Event "FICGS class D 000169 email"]
[Site "FICGS email"]
[Date "2011.05.06"]
[Round "1"]
[White "Learoyd, Ronald"]
[Black "Bajkowski, Karol"]
[Result "1-0"]
[WhiteElo "1515"]
[BlackElo "1568"]
[PlyCount "27"]
[EventDate "2011.??.??"]
[EventType "tourn (corr)"]
[EventRounds "6"]
[SourceTitle "Corr 2013"]
[Source "ChessBase"]
[SourceDate "2012.11.12"]
[SourceVersion "1"]
[SourceVersionDate "2012.11.12"]
[SourceQuality "1"]

1. e4 e5 2. f4 exf4 3. Nf3 g5 4. Bc4 Nc6 5. d4 d6 6. Nc3 f5 7. e5 dxe5 8. dxe5 Qxd1+ 9. Kxd1 b6 10. Re1 Bb7 11. Nxg5 0-0-0+ 12. Bd2 Nd4 13. Nf7 f3 14. Nxd8 1-0